Colores en la fraseología española studia

Na minha lista:
Detalhes bibliográficos
Autor principal: Mocková, Nina, 1987-
Outros Autores: Spišiaková, Mária, 1973-, Gómez-Pablos, Beatriz
Formato: Livro
Idioma:espanhol
Publicado em: České Budějovice Vysoká škola evropských a regionálních studií 2021
Edição:1. vydání
Assuntos:
Tags: Adicionar Tag
Sem tags, seja o primeiro a adicionar uma tag!

MARC

LEADER 00000nam a2200000 4500
001 0280772
005 20240502083857.7
020 |a 978-80-7556-099-5 
041 0 |a spa 
044 |a CZ 
245 1 0 |a Colores en la fraseología española  |b studia  |c Nina Mocková ; recenzenti: Mária Spišiaková, Beatriz Gómez-Pablos 
250 |a 1. vydání 
264 1 |a České Budějovice  |b Vysoká škola evropských a regionálních studií  |c 2021 
300 |a 121 s. [7,85 AH] 
610 2 0 |a jazykoveda 
610 2 0 |a jazyky cudzie 
610 2 0 |a jazyk odborný 
610 2 0 |a španielčina 
610 2 0 |a frazeológia 
610 2 0 |a farby 
610 2 0 |a modely 
100 1 |a Mocková, Nina, 1987- 
700 1 |a Spišiaková, Mária, 1973- 
700 1 |a Gómez-Pablos, Beatriz